| 000 | 00715nam a2200205Ia 4500 | ||
|---|---|---|---|
| 008 | 130821s1976 ck gr spa | ||
| 040 |
_aCo-BoUCM _bspa |
||
| 041 | 0 | 0 | _aspa |
| 100 |
_aBaudelaire, Charles _d1821-1867 _978470 |
||
| 245 | 0 | 4 |
_aLas flores del mal _cCharles Baudelarie, traduccion de Andrés Holguín |
| 260 |
_aBogotá (Colombia) _bInstituto Colombiano de Cultura _c1976 |
||
| 300 | _a178 páginas | ||
| 490 | _aColección Popular; 7 | ||
| 504 | _aIncluye bibliografía | ||
| 650 | 0 | 4 |
_aLiteratura francesa _97794 |
| 650 | 0 | 4 |
_aPoesía francesa _921811 |
| 700 |
_aHOLGUIN, Andrés; Traductor _9158802 |
||
| 942 |
_cLIBRO _a18 _e1 _mB338F _2DEWEY _h841.8 _n0 |
||
| 999 |
_c34579 _d34579 |
||